| 000 | 00536cam a2200217ua 4500 | ||
|---|---|---|---|
| 001 | 7586 | ||
| 005 | 20260515114231.0 | ||
| 008 | 141217n ii |||gr||||Z||||||asm | ||
| 020 | _a9789382283478 | ||
| 040 | _cMAIN | ||
| 041 | _aasm | ||
| 082 | _a891.4513 | ||
| 100 |
_aBora, M., _eTranslator. |
||
| 245 | 1 |
_aAfke`s ten _cTranslated by Mohendra Bora |
|
| 250 | _a1st. | ||
| 260 |
_aDibrugarh: _bKaustabh, _c2013. |
||
| 300 | _a132p. | ||
| 653 | _aEast Indo-European & Celtic literatures | ||
| 653 | _aAssamese novels | ||
| 942 | _cBK | ||
| 999 |
_c6703 _d6703 |
||